| 000 | 01191nam0a22002891 4500 | ||
|---|---|---|---|
| 001 | rc\4575457 | ||
| 005 | 20260407192709.0 | ||
| 021 |
_aRU _b67-59045 |
||
| 021 |
_aRU _bРг7764-67 |
||
| 035 | _a(NLR Aleph) 008376067 | ||
| 090 |
_a9088179 _c9088179 |
||
| 100 | _a20130416d1967 |||y0rusy50 ca | ||
| 101 | 0 | _arus | |
| 102 | _aRU | ||
| 105 | _ay z ||||| | ||
| 200 | 1 |
_aМатериалы для проведения бесед по правилам безопасности уличного движения _fСост. капитан милиции А.Ф. Карпова _gГос. автомоб. инспекция УООП Леноблгорисполкомов |
|
| 210 |
_aЛенинград _cБ. и. _d1967 |
||
| 215 |
_a18 с. _d20 |
||
| 225 | 1 | _aВ помощь пропагандистам | |
| 300 | _aНа обл. сост. не указан | ||
| 702 | 1 |
_aКарпова _bА.Ф. _4220 |
|
| 712 | 0 | 2 |
_aЛенинградская областная государственная автомобильная инспекция _3RU\NLR\AUTH\8810126233 _9749837 |
| 801 | 0 |
_aRU _bNLR _gpsbo |
|
| 801 | 1 |
_aRU _bELAR _2rusmarc |
|
| 852 |
_aNLR _j67-4/17110 |
||
| 942 | _cBOOK | ||
| 980 | _aNB | ||